000 00456nam a22001697a 4500
005 20251108164014.0
008 250721s1983 xx 000 0 ara d
082 1 4 _a001.6424/عبد
100 1 _aالحسيني، عبد الحسن
245 1 0 _aالمساعد في البرمجة /
246 1 1 _aFortran IV
264 1 _aبيروت :
_bدار القلم،
_c1983.
300 _a167ص
650 1 7 _aالحواسيب
942 _2ddc
_cBK
999 _c1217
_d1217